zpět

Detail výsledku týmu

Restaurace Mamut, Most

Datum a čas kvízu

32.5 Celkem bodů Celkový počet nahraných bodů na tomto kvízu bez doplňovacích otázek.
6. Pořadí na kvízu Konečné umístění týmu na tomto kvízu.

Zaznamenané odpovědi

# Otázka Odpověď Body Výsledky
1. Při úterním zasedání Sněmovny... bojový letoun (F-35) 1
2. Nepálské úřady minulý týden oz... C) pytlíkem na výkaly 1
3. V přepočtu asi 40 milionů koru... The Beatles 1
4. V sobotu začal čínský nový rok... znamení Draka 1
5. Který útočník minulý týden dok... Martin Nečas. 1
6. Vítězné téma facebookového hla... 1D 2A 3C 4B 0
7. Dne 18. dubna 1997 byli odsouz... Orličtí vrazi 0
8. Říká vám něco jméno herečky Šá... Irenka (Irena) 0
9. V roce 1994 vyšel první díl he... Tekken 1
10. Ke kterému městu se v souvislo... Vsetín 1